[Event "12th Agzamov Memorial 2018"]
[Site "Tashkent"]
[Date "2018.04.23"]
[Round "1"]
[White "Stupak, Kirill"]
[Black "Khudoybergenov, Ulugbek"]
[Result "1-0"]
[WhiteElo "2556"]
[BlackElo "1902"]
[Annotator "TA"]
[PlyCount "82"]
[EventDate "2018.??.??"]
[EventType "swiss"]
[EventCountry "UZB"]
[SourceTitle "playchess.com"]
[Source "ChessBase"]
[SourceQuality "1"]

{[%evp 15,82,16,24,0,29,20,50,2,0,8,70,61,69,77,95,69,122,90,85,96,136,85,89,70,127,112,285,282,454,452,377,435,437,375,403,395,522,511,614,560,625,483,466,306,293,283,384,380,375,384,363,350,381,347,384,331,452,429,537,528,930,893,1032,1021,1148,1095,1581,1759,29989]} 1. d4 d5 2. Nf3 Nf6 3. g3 g6 4. c4 c6 5. Bg2 Bg7 6. O-O O-O 7. Qb3 e6 8. Nc3 Nbd7 {LiveBook: 28 Games} 9. Nd2 $146 {D78: Fianchetto Grünfeld: 6 0-0 c6} ({Predecessor:} 9. Bf4 b6 10. cxd5 exd5 11. Rfe1 Bb7 12. a4 c5 13. Bd6 c4 14. Qa3 Re8 15. Nd2 Rc8 16. a5 h5 {1-0 (78) Gordievsky,D (2622)-Korobov,A (2652) Wijk aan Zee 2018}) 9... Qb6 10. e3 Nh5 11. g4 {White is slightly better.} Nhf6 12. h3 g5 (12... Rd8 $11) 13. Qc2 $14 h6 14. b3 Re8 15. Bb2 Nf8 (15... Qd8 $14) 16. Ne2 Ng6 17. f4 Nh4 {[#]} 18. Ng3 (18. Rf2 $142 $1) 18... Qc7 $16 19. Rf2 Bd7 {[#]} (19... h5 $14) 20. Raf1 $1 Bf8 $2 (20... gxf4 $16 21. Rxf4 a6) 21. Nf3 $18 Nxg2 $2 (21... Nxf3+ {was called for.} 22. Rxf3 Ne4 23. fxg5 (23. Nxe4 dxe4 24. Qxe4 gxf4 $18) 23... Nxg3) 22. Kxg2 Ne4 23. Nxe4 dxe4 24. Ne5 {Strongly threatening fxg5.} f5 25. fxg5 Bc8 26. gxh6 Bxh6 27. Qe2 Re7 28. h4 Rh7 29. g5 Bg7 30. Ng6 Bd7 {and the idea ...Be8 leaves Black hopeful.} 31. Rh1 Be8 32. Nf4 Qe7 33. Rh3 Rd8 34. Kh2 c5 35. dxc5 e5 36. Nd5 {White is clearly winning.} Rxd5 37. cxd5 {[%cal Bc4d5,Bd5c6][%mdl 32]} Bh5 38. Qc4 {Hoping for d6+.} Kh8 39. c6 bxc6 40. dxc6 {Black must now prevent c7.} Qc7 41. Qe6 Bf8 {Precision: White = 73%, Black = 29%.} 1-0

[Event "12th Agzamov Memorial 2018"]
[Site "Tashkent"]
[Date "2018.04.23"]
[Round "1"]
[White "Levin, Evgeny A"]
[Black "Abdukarimova, Hilola"]
[Result "1-0"]
[WhiteElo "2543"]
[BlackElo "1888"]
[Annotator "TA"]
[PlyCount "67"]
[EventDate "2018.??.??"]
[EventType "swiss"]
[EventCountry "UZB"]
[SourceTitle "playchess.com"]
[Source "ChessBase"]
[SourceQuality "1"]

{[%evp 22,67,0,0,21,-12,12,0,10,-7,0,0,47,8,66,69,97,75,82,54,55,58,97,73,81,78,116,98,99,98,137,135,272,300,258,282,272,269,238,232,232,233,370,352,968,972,916,895]} 1. d4 Nf6 2. c4 g6 3. Nc3 Bg7 4. e4 d6 5. h3 O-O 6. Nf3 e5 7. d5 Nh5 8. Nh2 Qe8 9. Be2 {[%cal Bf1e2,Be2f3,Bf3g4][%mdl 32]} Nf4 10. Bf3 f5 11. g3 {E90: King's Indian: Classical: Early deviations and 6 h3} fxe4 (11... Nxh3 12. Bg2 fxe4 13. Nxe4 Bf5 14. Rf1 h5 15. Qe2 Na6 16. f3 Nc5 17. Be3 Nxe4 18. fxe4 Bd7 {0-1 (48) Kuzubov,Y (2661)-Adhiban,B (2630) Doha 2014}) 12. Nxe4 {LiveBook: 8 Games} Nh5 13. Bg4 $146 {The position is equal.} ({Predecessor:} 13. h4 Bf5 14. Ng4 Kh8 15. O-O Nd7 16. Re1 Bxe4 17. Bxe4 Qf7 18. Be3 Ndf6 19. Nxf6 Qxf6 {½-½ (32) Bronznik,V (2382)-Dembo,Y (2448) Corfu 2007}) 13... Nf6 14. Nxf6+ Rxf6 15. Be3 Na6 16. Nf3 {[%cal Bh2f3,Bf3g5,Bg5e4][%mdl 32]} c6 17. Bxc8 Qxc8 (17... Rxc8 $11 18. Ng5 e4) 18. Ng5 $14 Qf5 19. g4 Qd7 20. Ne4 $36 {[%mdl 2048] Black is under pressure.} Rf7 21. O-O c5 22. Kg2 Nc7 23. Rb1 a5 24. Qd2 b5 25. b3 Bf8 26. f4 Bg7 {[#]} (26... exf4 $16 27. Rxf4 Rxf4 28. Bxf4 Ne8) 27. fxe5 $1 $18 Bxe5 28. Rxf7 Qxf7 29. Rf1 Qd7 30. Bf4 {Threatens to win with Bxe5.} Qe7 31. Bg5 Qe8 (31... Qg7 {might work better.} 32. Bh6 Qe7) 32. Bf6 b4 $2 (32... bxc4 33. bxc4 Rb8) 33. Qh6 {[%csl Gf6][%cal Rh6g7] [#]} Qf8 34. Qh4 {Precision: White = 78%, Black = 11%.} 1-0

[Event "12th Agzamov Memorial 2018"]
[Site "Tashkent"]
[Date "2018.04.23"]
[Round "1"]
[White "Pourramezanali, Amirreza"]
[Black "Sindarov, Islombek"]
[Result "1-0"]
[WhiteElo "2536"]
[BlackElo "1855"]
[Annotator "TA"]
[PlyCount "65"]
[EventDate "2018.??.??"]
[EventType "swiss"]
[EventCountry "UZB"]
[SourceTitle "playchess.com"]
[Source "ChessBase"]
[SourceQuality "1"]

{[%evp 16,65,22,10,36,36,28,37,34,39,51,38,30,29,77,78,67,70,89,79,102,81,111,95,96,94,93,97,117,106,474,476,459,455,438,422,388,374,508,489,708,713,692,686,672,674,767,780,1418,1269,2234,2104]} 1. e4 e5 2. Nf3 Nc6 3. Bc4 Be7 4. O-O Nf6 5. d3 O-O 6. Re1 d6 7. a4 Be6 8. a5 a6 9. Nc3 {LiveBook: 9 Games. C55: Two Knights: 4 d3, 4 d4 exd4 5 e5 and Max Lange Attack} (9. Nbd2 Qd7 10. c3 h6 11. Qb3 Rab8 12. h3 Kh8 13. Nf1 Nh5 14. d4 Bxc4 15. Qxc4 f5 16. dxe5 Nxe5 17. Qe2 Ng6 18. exf5 Rxf5 {½-½ (44) Heberla,B (2558)-Wang,H (2706) Czech Republic 2018}) 9... h6 (9... Nxe4 $5 10. Rxe4 d5 11. Nxe5 dxe4 12. Nxc6 bxc6 13. Bxe6 fxe6 $11) 10. Nd5 Bxd5 11. exd5 {White has an edge.} Nb4 12. c3 $146 ({Predecessor:} 12. d4 Nbxd5 13. dxe5 dxe5 14. Nxe5 c6 15. Bd2 Bd6 16. Nf3 Qc7 17. h3 Rad8 18. Qc1 Rfe8 19. Ra4 Rxe1+ 20. Bxe1 Qe7 21. Bf1 Ne4 22. Rd4 {0-1 (22) Zavarce,O (2210)-Valderrama,E (2260) San Antonio del Tachira 2013}) 12... Nbxd5 13. Qb3 c6 14. Qxb7 Qd7 {[#]} 15. Qxd7 $1 Nxd7 16. d4 {[%cal Rd4e5]} Bf6 17. dxe5 Nxe5 18. Nxe5 dxe5 19. g3 Rfe8 20. Ra3 Be7 21. Ra4 Bc5 22. Bf1 {And now Rc4 would win.} f5 $2 {[%mdl 8192] [#]} (22... Bf8 $16 {is tougher.}) 23. Rc4 $18 Ba7 24. Rxc6 Nf6 25. Bxa6 Ng4 26. Rf1 Red8 27. Kg2 {White is clearly winning.} Nxf2 (27... e4 $142 28. Bb7 Rab8) 28. Rxf2 Bxf2 29. Kxf2 Rd1 30. Be3 f4 31. gxf4 Rf8 32. Rc8 exf4 33. Bc4+ {Precision: White = 79%, Black = 42%.} 1-0

[Event "12th Agzamov Memorial 2018"]
[Site "Tashkent"]
[Date "2018.04.23"]
[Round "1"]
[White "Malakhatko, Vadim"]
[Black "Saparova, Sitora"]
[Result "1-0"]
[WhiteElo "2516"]
[BlackElo "1850"]
[Annotator "TA"]
[PlyCount "108"]
[EventDate "2018.??.??"]
[EventType "swiss"]
[EventCountry "UZB"]
[SourceTitle "playchess.com"]
[Source "ChessBase"]
[SourceQuality "1"]

{[%evp 9,108,16,31,42,43,25,44,36,36,39,37,43,59,54,54,38,49,54,56,40,97,77,91,85,102,26,25,-19,78,33,43,28,22,38,41,23,128,80,116,116,112,45,49,49,49,54,46,46,73,24,85,58,78,54,86,0,0,0,13,26,37,0,7,0,0,11,29,27,63,45,58,54,97,58,114,119,136,0,109,92,291,245,309,298,295,295,311,314,497,496,29982,29983,6582,315,418,422,437,437,992,981,941]} 1. c4 e5 2. e3 Nf6 3. Nc3 c6 4. Nf3 Qc7 (4... d6 5. d4 e4 6. Nd2 d5 7. Be2 Bd6 8. Qb3 Bc7 9. g4 h6 10. h4 a6 11. Rg1 g5 12. cxd5 gxh4 13. Ndxe4 h3 14. Bd2 h2 15. Nxf6+ Qxf6 {1-0 (46) Artemiev,V (2697)-Bologan,V (2600) Moscow 2018}) 5. b3 Be7 $146 ({Predecessor:} 5... d6 6. Bb2 Bg4 7. Be2 Nbd7 8. h3 Bh5 9. b4 e4 10. Nh2 Ne5 11. g4 Bg6 {0-1 (21) Tribuiani,R (2119)-Stromboli,C (2020) Marche Estate 2004}) 6. Bb2 {A22: English Opening: 1...e5 2 Nc3 Nf6} d6 7. Qc2 Nbd7 8. Be2 {White is slightly better.} O-O 9. O-O Re8 10. Rac1 Nf8 11. h3 Ng6 12. d4 Bd7 13. Rfd1 Rad8 14. c5 Qb8 (14... exd4 $14 15. cxd6 (15. Nxd4 dxc5 16. Nf3 Qc8 $15) 15... Qxd6) 15. cxd6 $16 Bxd6 16. dxe5 Nxe5 17. Nd4 (17. Ng5 $16) 17... Ng6 18. Na4 Ne4 (18... Nh4 $11) 19. Bd3 Ng5 20. Nf5 Bxf5 21. Bxf5 Nh4 22. Bg4 Be5 ({Reject} 22... Bh2+ 23. Kh1 $16) (22... Ne4 $11) 23. Ba3 {Bd7 is the strong threat.} ({Much weaker is} 23. f4 $6 Bxb2 24. Nxb2 Ne4 $11) 23... Bd6 24. Bxd6 Rxd6 {[#]} 25. Rxd6 (25. Nc5 $1 $16) 25... Qxd6 $14 26. Rd1 Qe5 27. Nc5 h5 $1 {[%cal Rh5g4]} 28. Bd7 Rb8 29. b4 Qf6 (29... Qe7 $11) 30. f4 $16 Nh7 $1 31. g3 Ng6 {[#]} 32. h4 ({White should play} 32. Bf5 $1 $16 {Strongly threatening Nd7.} Nhf8 33. Bxg6 Qxg6 34. Qxg6 Nxg6 35. Rd7) 32... Qe7 $11 33. e4 Ngf8 34. Bh3 b6 35. Na6 Rd8 {And now ...Rxd1+ would win.} 36. Rxd8 Qxd8 37. e5 $36 {[%mdl 2048] White has the initiative.} Qd4+ 38. Kh2 g5 39. fxg5 {aiming for Nb8.} Qxe5 40. Bf5 Qd6 41. Be4 Ng6 (41... Nxg5 $14 42. hxg5 h4) 42. Qxc6 $16 Qd2+ 43. Bg2 ({White has to play} 43. Kh3 $16 Nhf8 44. Nc7) 43... Qxa2 (43... Qe2 $11 {keeps the balance.} 44. Qc8+ Nhf8) 44. Nc7 Nhf8 $2 (44... Qe2 $16 {is a better defense.}) 45. Nd5 Qe2 46. Nf6+ Kg7 47. Qc3 {Threatening mate with Nxh5+.} Qe5 48. Nxh5+ Kh8 (48... Kg8 {keeps fighting.} 49. Qc4 Nd7 50. Qc8+ Ngf8) 49. Qf3 $18 Qe7 (49... f5 $18 50. gxf6 Nd7) 50. Nf6 Nh7 51. Nd5 $2 (51. Qh5 {[%csl Gf6][%cal Rh5h7]} Ngf8 52. Be4) 51... Qf8 52. Qc3+ Qg7 {White is clearly winning.} 53. Qc8+ Nhf8 (53... Ngf8 $142 54. Nf4 Qd4) 54. Nf6 Ne7 {Precision: White = 54%, Black = 34%.} 1-0

[Event "12th Agzamov Memorial 2018"]
[Site "Tashkent"]
[Date "2018.04.23"]
[Round "1"]
[White "Yakubboev, Nodirbek"]
[Black "Nuritdinov, Nizomitdin"]
[Result "1-0"]
[WhiteElo "2482"]
[BlackElo "1826"]
[Annotator "TA"]
[PlyCount "74"]
[EventDate "2018.??.??"]
[EventType "swiss"]
[EventCountry "UZB"]
[SourceTitle "playchess.com"]
[Source "ChessBase"]
[SourceQuality "1"]

{[%evp 12,74,23,0,0,0,0,0,1,0,0,0,0,6,2,-8,45,47,71,37,45,0,37,0,47,0,118,86,129,98,442,433,398,412,441,436,410,402,449,450,451,450,432,435,835,546,678,663,908,897,833,775,6287,6207,12843,12841,12841,12842,12842,12843,12843,12843,12842,12843,29994]} 1. d4 d5 2. Nf3 Nf6 3. c4 c6 4. e3 Bg4 5. h3 Bh5 6. Nc3 e6 7. Bd3 {LiveBook: 5 Games. D11: Slav Defence: 3 Nf3 sidelines and 3...Nf6 4 e3 Bg4} (7. g4 Bg6 8. Ne5 Nbd7 9. Nxg6 hxg6 10. g5 Ne4 11. Nxe4 dxe4 12. h4 Bb4+ 13. Bd2 Qa5 14. a3 Bxd2+ 15. Qxd2 Qxd2+ 16. Kxd2 {½-½ (35) Ding,L (2777)-Saric,I (2669) Riadh 2017}) 7... Be7 8. O-O O-O 9. b3 {The position is equal.} Nbd7 10. Bb2 e5 {White must now prevent ...e4.} 11. g4 $146 ({Predecessor:} 11. cxd5 cxd5 12. dxe5 Nxe5 13. Be2 Nxf3+ 14. Bxf3 Bxf3 15. Qxf3 Qa5 {½-½ (42) Hoi,C (2386)-Andersen,R (2100) Lund 2016}) 11... e4 {Threatens to win with ...Bg6.} 12. gxh5 {White wants to play cxd5.} exd3 13. cxd5 cxd5 ({Better is} 13... Nxd5 $11 14. Nxd5 (14. Qxd3 N7f6 $11) 14... cxd5) 14. Qxd3 $14 Bb4 15. Qf5 g6 16. hxg6 hxg6 17. Qg5 Qa5 (17... Bxc3 $5 18. Bxc3 Kg7 $14) 18. Ne2 Kg7 (18... Ne4 $1 $11 19. Qh4 Rfc8) 19. Nf4 $36 {[%mdl 2048] Strongly threatening Ne5. White is in control.} Rh8 20. Ne5 {[%cal Rf4g6]} Nxe5 $4 {[%mdl 8192]} (20... Bd6 $16 {is a better chance.} 21. f3 (21. Nfxg6 Rh5 $14) 21... Nh7) 21. dxe5 $18 Ne4 22. e6+ Bc3 23. Bxc3+ Qxc3 24. Qxd5 Nf6 25. Qxb7 {White is clearly winning.} Raf8 26. Rac1 Qe5 27. Rc7 Qg5+ (27... g5 $142 28. Rxf7+ Kh6 29. Rxf8 (29. Qxa7 Rxf7 30. exf7 gxf4 $16) 29... Rxf8) 28. Qg2 Qf5 29. Rfc1 Rh4 30. Rxf7+ Rxf7 31. exf7 Ne4 {[#]} 32. Nxg6 $1 Rg4 (32... Qxg6 33. Qxg6+) 33. hxg4 Qxg6 34. Qf3 Nf6 35. Rc6 Kxf7 {[#]} 36. Rxf6+ $1 Qxf6 37. Qxf6+ Ke8 {Precision: White = 73%, Black = 46%.} 1-0

[Event "12th Agzamov Memorial 2018"]
[Site "Tashkent"]
[Date "2018.04.23"]
[Round "1"]
[White "Papin, Vasily"]
[Black "Khegay, Yuliya"]
[Result "1-0"]
[WhiteElo "2475"]
[BlackElo "1806"]
[Annotator "TA"]
[PlyCount "51"]
[EventDate "2018.??.??"]
[EventType "swiss"]
[EventCountry "UZB"]
[SourceTitle "playchess.com"]
[Source "ChessBase"]
[SourceQuality "1"]

{[%evp 25,51,-47,-43,-39,-40,-60,-61,-103,-54,-33,0,0,0,0,16,19,30,30,31,25,19,19,21,17,252,247,518,518]} 1. Nf3 d5 2. e3 Nf6 3. c4 dxc4 4. Bxc4 e6 5. O-O Be7 6. Qe2 O-O 7. Rd1 c5 8. d4 cxd4 9. Nxd4 Qc7 10. Nc3 a6 11. a4 Bd7 12. e4 Nc6 13. Nxc6 Bxc6 14. e5 {D27: Queen's Gambit Accepted: Classical main line: 7 e4!? and 7 a4} Nd7 15. Bf4 Rfd8 $146 ({Predecessor:} 15... Nb6 16. Bb3 Rad8 17. Rdc1 Qd7 18. a5 Na8 19. Bc2 Qd4 20. Be4 Rc8 21. Rd1 Qb4 22. Bxc6 Rxc6 {1-0 (33) Bellon Lopez,J (2442)-Medina Menendez,E (2049) Campillos 2007}) 16. Bg3 {Black is slightly better.} Nb6 17. Bd3 Rd7 18. a5 Nd5 19. Ne4 $1 ({Of course not} 19. Nxd5 Rxd5 20. Qc2 g6 $17) 19... Bb4 20. Qg4 {Strongly threatening Nf6+.} Qd8 {[#]} 21. Nf6+ $1 {[%mdl 512]} Nxf6 22. exf6 $40 {[%csl Gf6][%cal Rg4g7][%mdl 128] White is up to no good.} Bf8 23. fxg7 Bxg7 24. Bh4 f5 $2 {[#]} (24... Qf8 $11 {and Black has nothing to worry.}) 25. Bxf5 $1 $18 exf5 $2 (25... Rxd1+ 26. Rxd1 Qc7) 26. Qc4+ (26. Bxd8 $2 {loses.} fxg4 27. Rxd7 Bxd7 $19) 1-0

[Event "12th Agzamov Memorial 2018"]
[Site "Tashkent"]
[Date "2018.04.23"]
[Round "1"]
[White "Umarov, Rabbim"]
[Black "Korneev, Oleg"]
[Result "0-1"]
[WhiteElo "1901"]
[BlackElo "2546"]
[Annotator "TA"]
[PlyCount "242"]
[EventDate "2018.??.??"]
[EventType "swiss"]
[EventCountry "UZB"]
[SourceTitle "playchess.com"]
[Source "ChessBase"]
[SourceQuality "1"]

{[%evp 10,242,16,15,17,0,0,0,49,50,31,43,118,108,109,115,114,116,101,106,136,40,31,22,47,56,34,14,20,0,29,0,42,22,28,15,15,-24,-22,-28,-40,-41,-32,-58,-49,-100,-61,-61,-61,-61,-61,-64,-66,-82,-82,-82,-82,-84,-82,-84,-91,-91,-85,-91,-91,-91,-96,-91,-82,-82,-82,-91,-83,-91,-89,-89,-91,-102,-101,-117,-117,-117,-117,-117,-117,-117,-117,-117,-117,-117,-117,-117,-117,-117,-117,-117,-117,-117,-117,-117,0,-117,-117,-120,-117,-117,-117,-117,-117,-117,-117,-117,-117,-117,-117,-118,-118,-120,-117,-135,-117,-117,-117,-117,-117,-117,-117,-117,-117,-117,-117,-117,-117,-117,-117,-117,-117,-162,-117,-117,-117,-117,-117,-117,-117,-117,-117,-117,-117,-117,-117,-117,-117,-117,-117,-117,-117,-117,-117,-177,-177,-177,0,-117,-117,-117,-117,-117,-117,-117,-117,-117,-117,-117,-117,-117,-117,-117,-117,-117,-81,-86,-39,-39,-39,-86,-86,-86,-93,-614,-614,-606,-599,-591,-580,-1394,-1331,-1331,-1285,-879,-39,-1486,-39,-39,-39,-39,-39,-39,-39,-39,-47,-61,0,-8,0,0,0,-29975,-29976,-29976,-29977,-29977,-29978,-29978,-29979,-29979,-29980,-29980,-29981,-29981,-29982,-29982,-29983,-29983,-29984]} 1. Nf3 d5 2. d4 Nf6 3. Bf4 c5 4. e3 Nc6 5. h3 (5. c3 e6 6. Nbd2 Bd6 7. dxc5 Bxc5 8. Bd3 h6 9. Qe2 Nh5 10. Bg3 Nxg3 11. hxg3 Bd7 12. e4 dxe4 13. Nxe4 Be7 14. g4 Qc7 15. g5 O-O-O 16. gxh6 gxh6 {½-½ (101) Mamedyarov,S (2809)-Nakamura,H (2787) Moscow 2018}) 5... Qb6 6. Nc3 $1 {[%cal Rc3b5] LiveBook: 3 Games. D02: 1 d4 d5 2 Nf3 sidelines, including 2...Nf6 3 g3 and 2...Nf6 3 Bf4} a6 7. Na4 Qa5+ 8. c3 {The position is equal.} cxd4 9. exd4 ({Inferior is} 9. Nxd4 Bd7 $17) 9... e6 $146 ({Predecessor:} 9... Bf5 10. Nc5 Qb6 11. Qb3 Qxb3 12. axb3 Nd8 {½-½ (29) Caliebe,N (1501)-Shirov Michna,M (1443) Willingen 2017}) 10. Bd3 b5 (10... Bd7 $14) 11. Nc5 $16 Bxc5 12. dxc5 b4 13. a3 $1 {[%cal Ra3b4]} b3 14. Bd6 {Strongly threatening 0-0.} Nd7 15. Nd2 ({White should try} 15. O-O $16) 15... Nxc5 $14 16. Nxb3 Nxb3 17. Qxb3 Qd8 18. Bc5 Qa5 19. Bd6 Qd8 $1 {[%cal Rd8d6]} 20. Bc5 Ne5 21. Be2 Qc7 22. Qa4+ Nd7 23. b4 (23. Be3 {is more complex.} O-O 24. O-O Bb7 25. Rac1 e5 26. f4) 23... Bb7 $1 {[%cal Bc8b7,Bb7c6,Bc6b5][%mdl 32]} 24. O-O Bc6 $36 {[%mdl 2048] Black fights for an advantage.} 25. Qd1 Nxc5 26. bxc5 O-O 27. Re1 (27. Qd4 $15) 27... Rfc8 28. c4 dxc4 29. Bxc4 Bb5 $1 {[%cal Rb5c4]} 30. Bxb5 axb5 31. a4 bxa4 32. Rxa4 Qxc5 33. Rf4 h6 34. Qf3 Ra3 35. Qg4 Qc3 36. Qd1 Ra2 37. Rf3 Qa5 38. Qb1 Ra3 (38... Rd8 {looks sharper.} 39. Rc1 Rad2 40. Qe4 R2d4 41. Qc2 Qd5) 39. Rxa3 Qxa3 $17 {[%mdl 4096] Endgame KQR-KQR} 40. Qd1 Qa5 41. Re3 Rd8 42. Qb1 Qa4 43. Re1 h5 44. Rc1 h4 45. Rc2 Qd4 46. Rc1 g6 47. Qb3 Kg7 48. Qf3 Rd5 49. Re1 Qd2 50. Rf1 Qd3 51. Qf4 Qd4 52. Qf3 Rf5 53. Qb7 Rc5 54. Qe7 Rf5 55. Qb7 $1 Re5 56. Qb1 Rg5 57. Rd1 Qc3 {And now ...Qf3 would win.} 58. Rd3 Qc6 {[%csl Gg5][%cal Rc6g2]} 59. Qf1 Rc5 60. Rd1 Rc2 61. Qe1 Qc5 62. Rb1 e5 63. Qf1 Qc4 64. Qe1 Qe2 65. Qxe2 Rxe2 {KR-KR} 66. Kf1 Re4 67. Rb7 Kf6 68. Ra7 Ke6 69. Rb7 f6 70. Rb3 Kf5 71. Rb6 Kg5 72. Re6 Ra4 73. Ke2 Ra1 74. f3 Ra2+ 75. Kf1 Rb2 76. Kg1 Kf5 77. Ra6 Rb1+ 78. Kf2 Kg5 79. Re6 Rb5 80. Ra6 Rb2+ 81. Kg1 Rd2 82. Re6 Kf5 83. Ra6 g5 84. Rb6 (84. Kh2 $17) 84... Kf4 $1 $19 {[%cal Rf4g3]} 85. Kh2 Kf5 (85... f5 $1 $19 86. Rf6 Rb2) 86. Kg1 $1 $17 Rd7 87. Kf2 Kg6 88. Ke3 Kf7 89. Ke4 {[#]} Rd4+ $1 90. Ke3 Ke7 91. Rb8 Ke6 92. Rb6+ Rd6 93. Rb4 Rc6 {White must now prevent ...Rc2.} 94. Rb2 f5 95. Kd3 Kd5 {aiming for ...e4+.} 96. Rb5+ Rc5 97. Rb3 Ra5 98. Rb2 e4+ 99. Ke2 $2 {[%mdl 8192] [#]} (99. fxe4+ $17 fxe4+ 100. Ke3) 99... Ke5 $1 $19 100. fxe4 fxe4 {[%cal Bf5e4,Be4e3][%mdl 32]} 101. Ke3 Ra3+ 102. Kf2 Kf4 103. Rc2 e3+ 104. Ke2 Kg3 $2 ({Better is} 104... Ra5 $19 105. Rb2 Re5) 105. Rc4 $2 {[%mdl 8192]} (105. Rc5 $15) 105... Kxg2 $2 (105... Ra2+ $19 106. Kxe3 Rxg2) 106. Rg4+ $15 Kxh3 107. Rxg5 Kh2 108. Rg4 h3 109. Rg8 Kh1 110. Kf3 h2 (110... Rc3 $15 111. Ke2 h2) 111. Rg7 Ra1 112. Kxe3 Rg1 (112... Rb1 $5 113. Kf2 $8 Rb2+ 114. Kf3 Rb3+ 115. Kf2 Rc3 $11) 113. Ra7 $2 {[%mdl 8192]} (113. Rf7 $11) 113... Kg2 {Black mates.} 114. Rg7+ Kf1 115. Rf7+ Ke1 116. Ra7 Rg3+ 117. Kf4 {[#]} Rf3+ $1 {[%mdl 512]} 118. Ke4 (118. Kxf3 h1=Q+) 118... Rh3 119. Ra1+ Kf2 120. Ra2+ Kg3 121. Ra3+ Kg4 {Precision: White = 58%, Black = 74%.} 0-1

[Event "12th Agzamov Memorial 2018"]
[Site "Tashkent"]
[Date "2018.04.23"]
[Round "1"]
[White "Safarov, Donior"]
[Black "Vakhidov, Jakhongir"]
[Result "0-1"]
[WhiteElo "1867"]
[BlackElo "2542"]
[Annotator "TA"]
[PlyCount "68"]
[EventDate "2018.??.??"]
[EventType "swiss"]
[EventCountry "UZB"]
[SourceTitle "playchess.com"]
[Source "ChessBase"]
[SourceQuality "1"]

{[%evp 14,68,13,0,16,0,0,-90,-104,-114,-114,-127,-107,-98,-82,-79,-53,-54,-65,-67,-70,-75,-74,-107,-60,-106,-133,-202,-209,-191,-203,-202,-197,-363,-326,-333,-343,-360,-320,-340,-348,-363,-347,-393,-367,-565,-564,-458,-437,-663,-662,-662,-641,-647,-586,-847,-832]} 1. c4 g6 2. Nc3 c5 3. g3 Bg7 4. Bg2 Nc6 5. e4 d6 6. Nge2 h5 7. h3 {A36: Symmetrical English vs ...g6: 4 Bg2 Bg7} e5 (7... e6 8. d3 Nge7 9. Bg5 Qd7 10. Rb1 b6 11. a3 Bb7 12. b4 Nd4 13. Nxd4 cxd4 14. Ne2 e5 {0-1 (57) Solak,D (2553)-Timofeev,A (2655) Rijeka 2010}) 8. d3 {LiveBook: 6 Games} Nge7 9. Be3 $146 {The position is equal.} ({Predecessor:} 9. Bg5 f6 10. Be3 Be6 11. f4 Nd4 12. Qd2 Qd7 13. O-O-O Rb8 14. Kb1 a6 15. Rdf1 b5 16. fxe5 dxe5 17. Nd5 O-O 18. Nxd4 cxd4 19. Bh6 bxc4 20. dxc4 Qd6 21. Bxg7 {1-0 (21) Helis,T (2339)-Kuczynski,R (2492) Ustron 2003}) 9... Nd4 10. Bxd4 (10. f4 $11) 10... cxd4 $17 11. Nd5 Nxd5 12. cxd5 h4 13. g4 Bh6 14. O-O O-O 15. f4 exf4 16. Nxf4 Bd7 17. Rc1 Qa5 18. a3 Bb5 19. Rf3 Rac8 20. Bf1 (20. Ra1 $17) 20... Ba4 $19 21. Qe1 Qxe1 22. Rxe1 Rc2 23. Re2 $2 {[#]} (23. b3 Bd7 24. Rb1) 23... Rfc8 24. Ref2 Rxf2 25. Rxf2 Rc2 26. Ng2 Bc1 27. Rxc2 Bxc2 28. Nxh4 Bxb2 {[%mdl 4096] Endgame KBB-KBN} 29. Nf3 (29. Kf2 $142 a5 30. Ke2) 29... Bxa3 {Black is clearly winning.} 30. e5 Bb3 ({Don't play} 30... dxe5 31. Nxe5 a5 32. Nc4 $19) 31. e6 (31. exd6 $142 Bxd6 32. Bg2) 31... fxe6 32. dxe6 Bxe6 33. Kf2 b5 {[%cal Bb7b5,Bb5b4][%mdl 32]} 34. Ng5 b4 {Precision: White = 37%, Black = 81%.} 0-1